Statistics for The Most Interesting Man in the World

Click here to take the quiz!

General Stats

  • This quiz has been taken 115 times
  • The average score is 6 of 20

Answer Stats

Quote% Correct
He can kill {two} {stones} with one bird
63%
He once brought a knife to a {gunfight}, just to even the odds
56%
I don't always drink beer, but when I do, I prefer {Dos} {Equis}
49%
He won the Tour de France but was disqualified for riding a {unicycle}
47%
He can speak Russian ... in {French}
44%
{Stay} {thirsty}, my friends
41%
The {circus} ran away to join him
39%
He once taught a German shepherd to bark in {Spanish}
37%
In museums, he is allowed to {touch} {the} {art}
32%
If he were to punch you in the face, you would have to fight off the strong urge to {thank} him
30%
He won the {World} {Series} {of} {Poker} using Uno cards
26%
{Bigfoot} has tried to take pictures of him
21%
A bird in his hand is worth {three} {in} {the} {bush}
20%
He is allowed to talk about {fight} {club}
20%
{Sharks} have a week dedicated to him
19%
He has won the {lifetime} {achievement} award . . . twice
13%
His {Cinco} {de} {Mayo} party starts on the eighth of March
13%
He bowls {overhand}
10%
{Paper} refuses to cut him
10%
Even his enemies list him as their {emergency} {contact} {number}
6%

Score Distribution

Percentile by Number Answered

Percent of People with Each Score

Your Score History

You have not taken this quiz